Name 100 Rap Albums by Album Cover - Statistics

General Stats
  • This quiz has been taken 93 times
  • The average score is 75 of 103
Answer Stats
Picture Answer % Correct
The Chronic
99%
All Eyez on Me
98%
Damn
98%
The Eminem Show
98%
Get Rich or Die Tryin
96%
Good Kid Maad City
96%
Illmatic
96%
More Life
96%
The Life Of Pablo
96%
ASTROWORLD
95%
Graduation
95%
Late Registration
95%
Ready to Die
95%
Straight Outta Compton
95%
To Pimp a Butterfly
95%
Without Warning
95%
1999
94%
2001
94%
Goodbye & Good Riddance
94%
ye
94%
4:44
93%
LONG.LIVE.A$AP
93%
Tha Carter III
93%
The Blueprint
93%
The Slim Shady LP
93%
Testing
91%
The College Dropout
91%
The Miseducation of Lauryn Hill
91%
Views
91%
2014 Forest Hills Drive
90%
4 Your Eyez Only
90%
Doggystyle
90%
My Beautiful Dark Twisted Fantasy
90%
The Marshall Mathers LP
90%
Yeezus
90%
Take Care
89%
Donda
88%
DS2
88%
Rodeo
88%
Utopia
88%
Whole Lotta Red
88%
Reasonable Doubt
87%
AT.LONG.LAST.A$AP
85%
The Death of Slim Shady
85%
LIVE.LOVE.A$AP
84%
My Turn
84%
The Black Album
84%
The Documentary
84%
The Low End Theory
84%
Life After Death
83%
Pink Tape
83%
Aquemini
82%
Madvillainy
80%
Man on the Moon
80%
Nothing Was The Same
80%
Stankonia
80%
Stillmatic
80%
Curtis
78%
Death Race For Love
78%
The Blueprint 3
77%
Liquid Swords
74%
Port of Miami
74%
Swimming
74%
Alfredo
71%
Heroes and Villains
71%
So Much Fun
71%
The Forever Story
71%
It's Dark and Hell is Hot
68%
Magic
68%
Man Vs Machine
66%
Blue Lips
65%
Legends Never Die
65%
Supreme Clientele
65%
Pinata
63%
17
62%
Atrocity Exhibition
62%
Death Certificate
62%
Drip Harder
62%
Luv is Rage 2
61%
Daytona
60%
Born Sinner
59%
Be
57%
Bandana
54%
Future
52%
Coloring Book
51%
Jeffery
51%
Big Fish Theory
50%
Oxymoron
50%
Melt My Eyez See Your Future
49%
I Never Liked You
46%
Scaring The Hoes
43%
Chromokopia
41%
Can't Rush Greatness
39%
Doris
35%
Enter The 36 Chambers
29%
Offline
27%
Alone at Prom
22%
AT Aliens
16%
We're All Alone In This Together
15%
Radio
13%
Ignorance is Bliss
10%
Song of Sage: Post Panic
7%
The Coming
5%
No matching quizzes found
Score Distribution
Percent of People with Each Score
Percentile by Number Answered
Your Score History
You have not taken this quiz